Életfogytig haszonélvezett tárgy a hagyatékhoz hozzászámitandó [!hozzászámítandó]. Az ajándékozási illeték az igy [!így] eredményeződő öröklési illetékből levonandó

Elmentve itt :
Bibliográfiai részletek
Dokumentumtípus: Cikk
Megjelent: 1929
Sorozat:Polgári jog : a hazai és külföldi magánjog és hiteljog szemléje 5
Kulcsszavak:Illeték vagyonátruházási joggyakorlat
Online Access:http://misc.bibl.u-szeged.hu/5381
LEADER 00732nab a2200157 i 4500
001 misc5381
005 20191106142734.0
008 170607s1929 hu o 0|| hun d
040 |a SZTE Miscellanea Repozitórium  |b hun 
041 |a hun 
245 0 0 |a Életfogytig haszonélvezett tárgy a hagyatékhoz hozzászámitandó [!hozzászámítandó]. Az ajándékozási illeték az igy [!így] eredményeződő öröklési illetékből levonandó  |h [elektronikus dokumentum] 
260 |c 1929 
300 |a 248-249b 
490 0 |a Polgári jog : a hazai és külföldi magánjog és hiteljog szemléje  |v 5 
695 |a Illeték vagyonátruházási joggyakorlat 
856 4 0 |u http://misc.bibl.u-szeged.hu/5381/1/polgari_jog_1929_248-249b.pdf  |z Dokumentum-elérés